000 00714nam a2200169 a 4500
008 120416s1966 ||||||||||||||||| || u
050 _aQC 533 Tin
100 _aTinnell, Richard W
245 1 0 _aExperiments in electricity: direct current
260 _aNew York
_bMcGraw-Hill
_c1966
300 _aviii, 131p.
350 _a0.00
650 _aELECTRICITY
650 _aELECTRICITY--EXPERIMENTS
995 _aANNEX COLLECTION (Main Library)
_D0.00
_e714342
_FCBU-MAIN LIBRARY (Kitwe)
_H2
_I1.50
_jQC 533 Tin
_M2
_UWEEDED
_VJul 26, 2017
_y012043
_ZAnnex Low-Usage Collection
995 _aBINDERY (DAMAGED)
_D0.00
_e714343
_FCBU-MAIN LIBRARY (Kitwe)
_H1
_I1.50
_jQC 533 Tin
_M1
_UDAMAGED
_y012044
_ZMain Library Open Access Collection
999 _c62941
_d62941